| 000 | 00411nam a2200145Ia 4500 | ||
|---|---|---|---|
| 008 | 230917s9999||||xx |||||||||||||| ||und|| | ||
| 040 |
_e10830 _aMAIN |
||
| 041 | _aEnglish | ||
| 082 | _a388.9 B469D | ||
| 100 | _aBhagwati, Jagdish N, ed. | ||
| 245 | 0 | _aDevelopment and planning: Essays in honour of Paul Rosenstein Rodan | |
| 260 |
_aLondon _bGeorge, Allen and Unwin _c1972 |
||
| 300 | _a343 p. | ||
| 942 | _cBK | ||
| 999 |
_c124608 _d124608 |
||